000
00272nam a22001097a 4500
082
_a
320.9172
100
_a
Lucian W. Pye
245
_a
An analytic study aspects of political development
260
_a
Islamabad
_b
National Book foundation
300
_a
205p
942
_c
BK
999
_c
2666
_d
2666